Hauptstätde Amerikas - Statistiken

Allgemein
  • Dieses Quiz wurde 857 mal gespielt
  • Das Durchschnittsergebnis liegt bei 23 aus 35
Antwortstatistiken
Hint Antwort % Korrekt
Vereinigte Staaten Washington DC
93%
Brasilien Brasilia
92%
Mexico Mexico-Stadt
92%
Argentinien Buenos Aires
91%
Kanada Ottawa
90%
Panama Panama-Stadt
84%
Kolumbien Bogotá
83%
Peru Lima
83%
Chile Santiago de Chile
83%
Kuba Havanna
82%
Guatemala Guatemala-Stadt
79%
Boliven La Paz oder Sucre
75%
Uruguay Montevideo
75%
El Salvador San Salvador
74%
Venezuela Caracas
72%
Jamaika Kingston
72%
Ecuador Quito
72%
Bahamas Nassau
64%
Costa Rica San José
64%
Haiti Port-au-Prince
62%
Dominikanische Republik Santo Domingo
62%
Guyana Georgetown
61%
Paraguay Asunción
60%
Nicaragua Managua
59%
Suriname Paramaribo
54%
Belize Belmopan
51%
Trinidad und Tobago Port of Spain
51%
Barbados Bridgetown
49%
Honduras Tegucigalpa
49%
St. Vincent und die Grenadinen Kingstown
47%
Antigua und Barbuda Saint Johns
47%
Grenada St. George's
45%
Dominica Roseau
43%
St. Lucia Castries
37%
St. Kitts und Nevis Basseterre
36%
Keine übereinstimmenden Quizze gefunden
Verteilung der Resultate
Anzahl Personen mit jedem Resultat
Perzentil nach korrekt beantworteten Fragen
Ihre Resultats-Entwicklung
Sie haben dieses Quiz noch nicht gespielt